000 00872cam a2200301 i 4500
001 768714001
003 CO-MdFUSB
005 20260114123701.0
007 ta
008 230602t2006 -us||||| |||| 00| | spa d
020 _a9780825407253
040 _bspa.
_aCO-MdFUSB
_cCO-MdFUSB
_dCO-MdFUSBC
_erda
041 _aspa
082 0 4 _223
_a252
_bP842a
110 1 _aAlpha Omega Ministries
240 _athe preacher´s outline and sermon bible
245 1 0 _aBiblia de bosquejos y sermones :
_bGénesis 1-11
_c/ Alpha Omega Ministries
264 1 _aGrand Rapids, Michigan :
_bPortavoz,
_c[2006]
264 4 _c© 2006
300 _a376 páginas
_c; 25 cm
336 _2rdacontent
_atexto
_btxt
337 _2rdamedia
_asin mediación
_bn
338 _2rdacarrier
_avolumen
_bnc
563 _aRustico
650 0 _954
_aPredicación
942 _cBK
945 _aMag 1104
999 _c43242
_d43242